Central Library OPAC University of Rajshahi

Mathematical analysis / (Record no. 71483)

MARC details
000 -LEADER
fixed length control field 00649nam a2200229 a 4500
001 - CONTROL NUMBER
control field 71483
003 - CONTROL NUMBER IDENTIFIER
rucl marc code BD-RjUL
005 - DATE AND TIME OF LATEST TRANSACTION
control field 20211209082124.0
008 - FIXED-LENGTH DATA ELEMENTS--GENERAL INFORMATION
fixed length control field 170504s1955 enk 001 0 eng d
035 ## - SYSTEM CONTROL NUMBER
System control number (BD-RjUL)71699
040 ## - CATALOGING SOURCE
Original cataloging agency BD-RjUL
Language of cataloging eng
Transcribing agency BD-RjUL
Modifying agency BD-RjUL
041 ## - LANGUAGE CODE
Language code of text/sound track or separate title eng
082 ## - DEWEY DECIMAL CLASSIFICATION NUMBER
Classification number 515.8
Edition number 23
Author mark and year QUM 1955
100 1# - MAIN ENTRY--PERSONAL NAME
Personal name Quadling, D. A.
9 (RLIN) 211479
245 10 - TITLE STATEMENT
Title Mathematical analysis /
Statement of responsibility, etc. D.A. Quadling
260 ## - PUBLICATION, DISTRIBUTION, ETC. (IMPRINT)
Place of publication, distribution, etc. Oxford :
Name of publisher, distributor, etc. Clarendon Press,
Date of publication, distribution, etc. 1955
300 ## - PHYSICAL DESCRIPTION
Pagination vi, 264 p :
Illustrations ill ;
Size 22 cm
500 ## - GENERAL NOTE
General note Includes index.
650 #0 - SUBJECT ADDED ENTRY--TOPICAL TERM
Topical term or geographic name as entry element Functions of real variables
9 (RLIN) 153288
Topical term or geographic name as entry element Mathematical analysis
9 (RLIN) 211480
942 ## - ADDED ENTRY ELEMENTS (KOHA)
Source of classification or shelving scheme Dewey Decimal Classification
Koha item type Books
Holdings
Lost status Source of classification or shelving scheme Damaged status Not for loan Collection code Permanent Location Current Location Shelving location Date acquired Source of acquisition Cost, normal purchase price Total Checkouts Full call number Date last seen Copy number Koha item type
  Dewey Decimal Classification   Not For Loan Non-fiction Central Library, University of Rajshahi Central Library, University of Rajshahi Reading Room 30/10/1962 Zeithlinger 28.00   515.8 QUM 1955 04/05/2017 C-1 Books